000 00589nam a2200241 a 4500
001 nice12345678
003 IN_TiNIC
005 20260116011503.0
008 050524s1958 lita grp 000 0 eng
020 _a
_c100
082 0 0 _a940.1
_bHOF
100 _aHoffman, Ross I S
245 _aMedieval History
260 _aLittlefield, Ames, L
_bAdam and Company
_c1958
300 _a175p
500 _aincludes index and biblioraphy
505 2 _aIndex
650 _aEurope-History-Middle Ages
700 1 _aHoffman, Ross I S
902 _bSRS
942 _cBK
999 _c1977
_d1977